GOT7 Alphabet song - Statistics

General Stats
  • This quiz has been taken 46 times
  • The average score is 15 of 24
Answer Stats
Hint Answer % Correct
A A / Around the world / Angel / Attention / Aura
95%
L Laugh laugh laugh / Love train / Let me / Lion boy / Lullaby / Love loop / Last piece / Like oh / Let me know / Look / Love you better
85%
J Just tonight / Jibberish / Just right
83%
P Put them up / Prove it / Paradise / Phoenix / Party / Python / Playground / Page / Pray / Poison
83%
G Good tonight / Gimme / Girls girls girls / Good / Got ur luv / Go higher / Girls girls girls
80%
H Hard carry / HEY / Higher / Hunger / Her / Hello / Home run / Hey yah / Hesitate / Hmmmm
80%
F Forever young / Feelin’ good / Fly / Fish / Firework / Face / Flash up / From now / Fine / Follow me
78%
N No jam / Never ever / No one else / Nobody knows / Never ending story / Nice / Never stop / Now or never / Not by the moon / Nanana
78%
S Stop stop it / Stay / She’s a monster / Shaking the world / So lucky / See the light / Something good / Skyway / Sick / Shopping mall / Sign / Save you / Sunrise / Seesaw / Superman / Special / Smooth / Shining on you / Sing for u
75%
I If you do / If / I love it / I am me / I won’t let you go / I mean it / I like you
70%
M Magnetic / Moonlight / Mayday / My home / Moon u / Miracle / Made it / My youth / My reaction / Mine / My swagger / Meet me
70%
T Take my hand / Turn up the music / To star / Tic tic tok / Teenager / To me / Turn up / Take me to you / Think about it / Thank you sorry / Tidal wave / The reason / Thank you / The new era / Time out / Thursday / Trust my love / Truth / Two
70%
E Everyday / Eyes on / Enough / Eclipse / Encore
63%
B Bad behaviour / Be my girl / Beggin on my knees / Boom x3 / Breath / Born ready / Before the full moon rises / Back to me
58%
C Confession song / Can’t / Come on / Cold / Crash & burn / Crazy
58%
Y Your space / Yours truly / You calling my name
55%
D Dreamin’ / Don’t care / Dessert / Drunk / Darling / Drive me to the moon / Don’t care about me / Don’t leave me alone
50%
Q Q
48%
O OMG / OUT / OMW / Our youth / Out the door / Over & over / One and only you
43%
R Rewind / Remember you / Reborn / Remember me / Remember / Run away
38%
W Who’s that / Why / Wolo / Wave / Waiting for you / We are young
35%
K King / Karma
25%
U U got me / Us
25%
Z Zero
20%
No matching quizzes found
Score Distribution
Percent of People with Each Score
Percentile by Number Answered
Your Score History
You have not taken this quiz